01894 2200781 4500001002100000005001500021035002000036007000300056008004100059020001800100082001200118084001800130100001800148245005200166260004400218300002500262650002500287990001600312990001600328990001600344990001600360990001600376990001600392990001600408990001600424990001600440990001600456990001600472990001600488990001600504990001600520990001600536990001600552990001600568990001600584990001600600990001600616990001600632990001600648990001600664990001600680990001600696990001600712990001600728990001600744990001600760990001600776990001600792990001600808990001600824990001600840990001600856990001600872990001600888990001600904990001600920990001600936990001600952990001600968990001600984990001601000990001601016990001601032990001601048990001601064990001601080990001601096INLIS00000000000091820181119101629 a0010-1118000279ta181119 g 0 ind  a979-421-086-2 a370.212 a370.212 ANA p0 aAnas Sudijono1 aPengantar ststistik pendidikan /cAnas Sudijono aJakarta :bRaja Grafindo Persada,c2008 axxii,406 p. ;c21 cm aPendidikan-Statistik a00000003431 a00000003427 a00000003428 a00000003429 a00000003430 a00000003430 a00000003427 a00000003428 a00000003429 a00000003431 a00000003429 a00000003427 a00000003428 a00000003430 a00000003431 a00000003428 a00000003427 a00000003429 a00000003430 a00000003431 a00000003427 a00000003428 a00000003429 a00000003430 a00000003431 a00000003431 a00000003427 a00000003428 a00000003429 a00000003430 a00000003430 a00000003427 a00000003428 a00000003429 a00000003431 a00000003429 a00000003427 a00000003428 a00000003430 a00000003431 a00000003428 a00000003427 a00000003429 a00000003430 a00000003431 a00000003427 a00000003428 a00000003429 a00000003430 a00000003431